| 000 | 00939nam a2200289 a 4500 | ||
|---|---|---|---|
| 003 | OSt | ||
| 005 | 20231004144637.0 | ||
| 008 | 230927s2016 mx a||||r|||| 001 0 spa d | ||
| 020 | _a978-607-97149-2-5 | ||
| 040 |
_cCHAP _erda |
||
| 082 | 0 | 0 |
_222 _a613.26 _bG21 |
| 100 | 1 |
_946202 _aGarcía Llamas, Felipe |
|
| 245 | 1 | 0 |
_aSalud natural : _bsanación natural de los enfermos / _cpor Felipe García Llamas y Adriana García. |
| 264 | 1 |
_aMéxico : _bEditorial Unisan, _c2016. |
|
| 300 | _a642 páginas. | ||
| 336 |
_2rdacontent _atexto _btxt |
||
| 337 |
_2rdamedia _asin medio _bn |
||
| 338 |
_2rdacarrier _avolumen _bnc |
||
| 504 | _aIncluye apéndice y glosario. | ||
| 650 | 4 |
_9188025 _aAlimentos enriquecidos _xEnfermedades _xTratamientos |
|
| 650 | 4 |
_914680 _aBotánica médica |
|
| 650 | 4 |
_973914 _aMedicina alternativa |
|
| 650 | 4 |
_9125570 _aNutrición humana |
|
| 700 | 1 |
_9188023 _aGarcía, Adriana |
|
| 942 | _2ddc | ||
| 942 | _cLIBRO | ||
| 999 |
_c219181 _d219181 |
||